Prehľad kľúčových pojmov súvisiacich s čitateľskou gramotnosťou a možnosti jej rozvoja

Bibliographic Details
Main Author: Tomengová, Alena (Author)
Format: Article
Language:Slovak
ISSN:1335-0404
Subjects:
Online Access:www.rozhlady.pedagog.sk

MARC

LEADER 00000nab a2200000 a 4500
001 vtls009298777
003 SK-MaSNL
005 20260304233419.0
008 250506c2008 xo br|p|||an |000 b|slo
015 |a SNBRB2008/05 
035 |a (uuid)1acde681-30d3-4c68-8df5-a862205a4ef5 
035 |a urn:nbn:sk:snk-ab9ses 
035 |a (urnnbn)urn:nbn:sk:snk:ar-a08r3h 
038 |a SPK 
040 |a SNKBUCL  |b slo  |c SNKBUCL  |e AACR2 
041 0 |a slo  |b slo  |b eng 
044 |a xo  |c SK 
072 7 |a 028  |x Čítanie  |2 konspekt 
072 7 |a 37  |x Výchova a vzdelávanie  |2 konspekt 
080 |a 028.1:372.41  |2 1997 
080 |a 372.41  |2 1997 
100 1 |a Tomengová, Alena,  |4 aut  |9 23730 
245 1 0 |a Prehľad kľúčových pojmov súvisiacich s čitateľskou gramotnosťou a možnosti jej rozvoja  |c Alena Tomengová 
504 |a Bibliogr. odkazy 
546 |a Res. angl., slov. 
650 0 7 |a čitateľská gramotnosť  |2 snkbucl  |9 69767 
773 0 |t Pedagogické rozhľady  |g Roč. 17, č. 2 (2008), s. 7-9  |x 1335-0404 
850 |a Slovenská národná knižnica 
852 |a Slovenská národná knižnica 
856 4 1 |u www.rozhlady.pedagog.sk 
954 |a odborná, vedecká literatúra pôvodná (slovenská)  |2 lita 
958 |a article13 
958 |a OND 
958 |a NB  |2 spk 
958 |a EUIPO 
999 |c 3198482  |d 3200412